| 000 | 00396nam a2200133Ia 4500 | ||
|---|---|---|---|
| 005 | 20260326100047.0 | ||
| 008 | 260326s9999||||xx |||||||||||||| ||und|| | ||
| 100 | _ade Paula, Alberto | ||
| 245 | 0 |
_aLas Nuevas poblaciones en Andalucía, California y el Río de Plata 1767-1810 / _cAlberto de Paula |
|
| 260 | _bUniversidad de Buenos Aires | ||
| 300 | _a327 p. | ||
| 650 | _aURBANISMO | ||
| 942 | _cBK | ||
| 999 |
_c7249 _d7249 |
||